| 000 | 00708 a2200241 4500 | ||
|---|---|---|---|
| 003 | NUST | ||
| 005 | 20230125152133.0 | ||
| 010 | _a 94040887 | ||
| 020 | _a0449908593 | ||
| 040 | _cNust | ||
| 082 | 0 | 0 | _a823,SEG |
| 100 | 1 |
_aSegal, Erich, _9107633 |
|
| 245 | 1 | 0 |
_aOlivers Story / _cErich Segal. |
| 250 | _a1st ed. | ||
| 260 |
_aNew York : _bFawcett Columbine, _c1977 |
||
| 300 |
_a191 p. ; _c25 cm. |
||
| 505 | _aContents not Available | ||
| 650 | 0 |
_aNobel Prizes _xFiction. _9107634 |
|
| 650 | 0 |
_aPhysicians _xFiction. _9107635 |
|
| 650 | 0 |
_aScientists _xFiction. _9107636 |
|
| 856 | 4 | 2 |
_3Publisher description _uhttp://www.loc.gov/catdir/description/random0412/94040887.html |
| 942 |
_2ddc _cBK _k823,SEG |
||
| 999 |
_c186684 _d186684 |
||